000 00924cab a22002175a 4500
001 L142348
008 080207e20080202xxk f 000 0 eng d
035 _a(Sirsi) u142348
041 0 _aeng
100 1 _aHalstead, Ian
245 0 0 _aFocus
_bEast Midlands industrial
260 _c2008
490 _aEstates Gazette
_v(0804) 2 February 2008, 137-159(11)
520 _aReports on attempts in the area to attract more industrial occupiers. Agents have warned that planning constraints are leading to a lack of space. Focuses on the Northamptonshire market, arguing that it is healthier than headlines have suggested. Demand for large sheds near motorways in Nottinghamshire, Derbyshire and Leicestershire has begun to encourage more schemes across the region.
590 _aKA
651 4 _aUnited Kingdom
_y
690 _aPROPERTY-INDUSTRIAL PROPERTY
700 1 _aNeale, Jon
700 1 _aJack, Simon
942 _n0
999 _c79789
_d79789